LIBRARY & INFORMATION CENTRE, KCAET, TAVANUR

ONLINE PUBLIC ACCESS CATALOGUE (OPAC)

Manual of audio-visual techniques / (Record no. 5511)

MARC details
000 -LEADER
fixed length control field 00498cam a2200193ua 4500
041 ## - LANGUAGE CODE
Language code of text/sound track or separate title eng
082 ## - DEWEY DECIMAL CLASSIFICATION NUMBER
Classification number 028.72701
Item number KIE/MA
100 ## - MAIN ENTRY--AUTHOR NAME
Personal name Kieffer, de R E .
245 ## - TITLE STATEMENT
Title Manual of audio-visual techniques /
250 ## - EDITION STATEMENT
Edition statement 1 /
260 ## - PUBLICATION, DISTRIBUTION, ETC. (IMPRINT)
Place of publication New Delhi :
Name of publisher Prentice Hall of India Pvt Ltd. ,
Year of publication 1966.
300 ## - PHYSICAL DESCRIPTION
Number of Pages 254 ; .
700 1# - ADDED ENTRY--PERSONAL NAME
Personal name Cochran, Lee W .
942 ## - ADDED ENTRY ELEMENTS (KOHA)
Koha item type Books
Holdings
Withdrawn status Lost status Damaged status Home library Current library Date acquired Full call number Accession Number Koha item type
Withdrawn     KAUAET KAUAET 07/04/2012 028.72701 10802 Reference
free website counter